| 000 | 01193nam1a22002411 4500 | ||
|---|---|---|---|
| 001 | rc\3311586 | ||
| 005 | 20130115150350.1 | ||
| 035 | _a(NLR Aleph) 007504828 | ||
| 090 |
_a7677189 _c7677189 |
||
| 100 | _a20130115g1970 |||y0rusy50 ca | ||
| 101 | 0 | _arus | |
| 102 | _aRU | ||
| 105 | _a z ||||| | ||
| 200 | 1 |
_aУпрощенные принципиальные схемы автоматических телефонных станций координатной системы типа К 100/2000 _eУчеб.-метод. пособие _eВып. 1- _fЛенингр. ин-т инженеров ж.-д. транспорта им. акад. В.Н. Образцова. Фак. повышения квалификации руководящих работников и специалистов ж.-д. транспорта |
|
| 210 |
_aЛенинград _cБ. и. _d1970- |
||
| 215 | _d20 | ||
| 606 |
_aТелефонные станции, автоматические, координатные _jСхемы _2psbo |
||
| 700 | 1 |
_aДюфур _bС. Л. _gСергей Львович |
|
| 801 | 0 |
_aRU _bNLR _gpsbo |
|
| 801 | 1 |
_aRU _bELAR _2rusmarc |
|
| 852 |
_aNLR _j70-4/29401 |
||
| 942 | _cBOOK | ||
| 980 | _aNB | ||